Faune dendrophile neotropicale II. (Registro nro. 12517)

Detalles MARC
000 -CABECERA
Campo de control 005200000a22001690004500
090 ## - CLASIFICACIÓN LOCAL
Colección AR
Consecutivo 03466
041 0# - IDIOMA
Código de idioma para texto/pista de sonido o título separado
100 1# - ASIENTO PRINCIPAL--NOMBRE PERSONAL
Nombre personal Descamps, Marius
245 10 - MENCION DE TITULO
Título Faune dendrophile neotropicale II.
Version revue des Taeniophorini et Ophthalmolampini (Orth. Romaleidae)
650 14 - ASIENTO SECUNDARIO DE MATERIA - TERMINO TEMATICO
Término temático o nombre geográfico como elemento de entrada Entomología
650 14 - ASIENTO SECUNDARIO DE MATERIA - TERMINO TEMATICO
Término temático o nombre geográfico como elemento de entrada Morfología
650 14 - ASIENTO SECUNDARIO DE MATERIA - TERMINO TEMATICO
Término temático o nombre geográfico como elemento de entrada Anatomía
650 14 - ASIENTO SECUNDARIO DE MATERIA - TERMINO TEMATICO
Término temático o nombre geográfico como elemento de entrada Evolución
653 ## - TERMINO DE INDIZACION - NO CONTROLADO
-- Romaleidae
773 1# - Item fuente:
Título Bull. Mus. naln. Hist. nat. Paris
Descripción física 517
Paginas del Articulo 371-476
Lugar, editorial y fecha de publicación 1978
942 ## - ELEMENTOS ADICIONALES (KOHA)
Tipo de ítem Artículo
Existencias
Withdrawn status Lost status Damaged status No para préstamo Colección Ubicación Permanente Ubicación actual Fecha de adquisición Datos de publicación Seriada Total Checkouts Número topográfico Inventario / Código de Barras Date last seen Price effective from Forma de adquisición Tipo de material
      No para Préstamo Hemeroteca Bogotá Bogotá 27/02/2015 Fuera de circulación   AR 03466 014367 25/03/2015 25/03/2015   Artículo